000 01156nam0a22002651 4500
001 v19\rc\1387408
005 20260406165901.0
035 _a(NLR Aleph) 004520833
090 _a4864789
_c4864789
100 _a20060512d1871 |||y0rusy50 ca
101 0 _arus
102 _aRU
105 _ay z |||||
200 1 _aЖурнал общего собрания комиссий: о личной военной повинности и об организации войск
_eЗаседание 21 июня 1871 года
210 _a[Санкт-Петербург
_d1871]
215 _a8, 4 с.
_d32
710 0 1 _aРоссия
_bКомиссия для составления Положения о личной воинской повинности в Империи и Царстве Польском
_3RU\NLR\AUTH\889937197
_9369172
712 0 1 _aРоссия
_bКомиссия об организации войск
_3RU\NLR\AUTH\889936109
_9367065
801 0 _aRU
_bNLR
_gpsbo
801 0 _aRU
_bRuMoRGB
_2psbo
801 1 _aRU
_bProSoft-M
_2rusmarc
852 _aNLR
_j18.240.1.96(5(2))
899 _aНБ СПбГУ (1871-1872*)
942 _cBOOK
980 _aNB